| 000 | 00957nac a22002291u 4500 | ||
|---|---|---|---|
| 020 | _a1861529015 (pbk) | ||
| 082 |
_a658.84 _bE9242 |
||
| 090 |
_c1190 _d1190 |
||
| 100 | _aEvans, Martin | ||
| 245 |
_aExploring direct and relationship marketing / _cMartin Evans, Lisa O'Malley, Maurice Patterson. |
||
| 250 | _a2nd ed. | ||
| 260 |
_aAustralia : _bThomson _c2004. |
||
| 300 |
_axxiv, 520 p. : _bill. ; _c25 cm. |
||
| 500 | _aIncludes bibliographical references and index. | ||
| 500 | _aPrevious ed.: published as Exploring direct marketing / Lisa O'Malley, Maurice Patterson, Martin Evans. London: International Thomson Business, 1998. | ||
| 650 | _aDirect marketing. | ||
| 650 | _aSelling. | ||
| 700 | _aPatterson, Maurice. | ||
| 700 | _aO'Malley, Lisa. | ||
| 942 |
_cBB _k658.84E9242 |
||
| 999 |
_c1190 _d1190 |
||